00375 2200157 4500001002100000005001500021035002000036245004900056100001400105300001100119260003100130082000800161084001400169020002200183990001200205INLIS00000000000182620250507073956 a0010-05250001181 aInspirasi Cantik Bros Lady Face /cEndah RA.0 aEndah RA. a80 hlm aJakarta :bGramedia,c2015 a600 a600 END i a978-602-03-1383-2 a0754730